000 00277nam a22001217a 4500
008 180522b xxu||||| |||| 00| 0 eng d
041 _aeng
080 _a043.3
100 _a0
101 _aINI-BTH
245 _aTeknologjia e kubëzave të betonit
_cToska,M
942 _2udc
_cBK
999 _c46178
_d46178